|
|
|
|
| LEADER |
00876nab a2200217 i 4500 |
| 001 |
publ2433 |
| 005 |
20221028082228.0 |
| 008 |
130215s1996 hu o 0|| zxx d |
| 022 |
|
|
|a 1386-1425
|
| 024 |
7 |
|
|a 10.1016/0584-8539(95)01551-5
|2 doi
|
| 024 |
7 |
|
|a 1143667
|2 mtmt
|
| 040 |
|
|
|a SZTE Publicatio Repozitórium
|b hun
|
| 041 |
|
|
|a zxx
|
| 100 |
1 |
|
|a Kiss T. János
|
| 245 |
1 |
0 |
|a Surface properties of silica gel and silica gel-supported ion-exchanged copper in transformations of various molecular probes
|h [elektronikus dokumentum] :
|b an infrared study /
|c Kiss T. János
|
| 260 |
|
|
|a Elsevier
|c 1996
|
| 300 |
|
|
|a 185-189
|
| 490 |
0 |
|
|a Spectrochimica Acta - Part A: Molecular and Biomolecular Spectroscopy
|v 52 No. 2
|
| 700 |
0 |
1 |
|a Pálinkó István
|e aut
|
| 700 |
0 |
1 |
|a Molnár Árpád
|e aut
|
| 856 |
4 |
0 |
|u http://publicatio.bibl.u-szeged.hu/2433/1/spectrochimicaacta.pdf
|z Dokumentum-elérés
|